|
|
|
|
| LEADER |
01273nam a22003012a 4500 |
| 001 |
000389470 |
| 003 |
CZ BrMZK |
| 005 |
20150518104318.0 |
| 007 |
ta |
| 008 |
980107s1956 xr f f 000 0 cze d |
| 015 |
|
|
|a cnb000722185
|
| 035 |
|
|
|a (OCoLC)85452642
|
| 040 |
|
|
|a BOA001
|b cze
|
| 041 |
1 |
|
|a cze
|a pol
|h cze
|
| 100 |
1 |
|
|a Málek, Adolf
|7 jk01073202
|4 aut
|
| 245 |
1 |
0 |
|a Česko-polské rozhovory /
|c Adolf Málek
|
| 250 |
|
|
|a 1. vyd.
|
| 260 |
|
|
|a Praha :
|b Státní pedagogické nakladatelství,
|c 1956
|
| 300 |
|
|
|a 181 s., příl.
|
| 546 |
|
|
|a Souběžný polský text
|
| 910 |
|
|
|a BOA001
|b 2-0359.700
|b PK-0013.749
|
| 990 |
|
|
|a BK
|
| 996 |
7 |
|
|b 2618929443
|c 2-0359.700
|l MZK
|r Sklad / do 24 hodin
|n 0
|w 000389470
|u 000050
|a 1
|e BOA001
|j MZK50
|s A
|
| 996 |
7 |
|
|b 2618929444
|c 2-0359.700
|l MZK
|r Sklad / do 24 hodin
|n 0
|w 000389470
|u 000040
|a 1
|e BOA001
|j MZK50
|s A
|
| 996 |
6 |
|
|b 2618929445
|c 2-0359.700
|l MZK
|r Sklad / do 24 hodin
|n 0
|w 000389470
|u 000030
|a 1
|e BOA001
|j MZK50
|s P
|
| 996 |
7 |
|
|b 2618929446
|c 2-0359.700
|l MZK
|r Sklad / do 24 hodin
|n 0
|w 000389470
|u 000020
|a 1
|e BOA001
|j MZK50
|s A
|
| 996 |
7 |
|
|b 3119687145
|c PK-0013.749
|l MZK
|r Sklad / do 1 hodiny
|n 0
|w 000389470
|u 000060
|a 1
|e BOA001
|j MZK50
|s A
|
| 996 |
7 |
|
|b 3119814048
|c PK-0013.749
|l MZK
|r Sklad / do 1 hodiny
|n 5
|w 000389470
|u 000010
|a 1
|e BOA001
|j MZK50
|s A
|